Dos casos de democràcia consociativa : Irlanda del Nord i el Tirol del Sud comparats / Jordi Argelaguet i Argemí Irlanda del Nord i el Tirol del Sud comparats / Jordi Argelaguet i Argemí
Descripción Física:
65 p. ; 21 cm
MARC
| LEADER | 00000nam a2200000Ia 4500 | ||
|---|---|---|---|
| 001 | 14847 | ||
| 008 | 160829s2002 xx 000 0 cat d | ||
| 080 | |a M-4-272 | ||
| 100 | |a Argelaguet i Argemí, Jordi |9 31788 | ||
| 245 | |a Dos casos de democràcia consociativa : |b Irlanda del Nord i el Tirol del Sud comparats / Jordi Argelaguet i Argemí | ||
| 260 | |a Barcelona : |b Institut de Ciències Polítiques i Socials, |c 2002 | ||
| 300 | |a 65 p. ; |c 21 cm | ||
| 490 | |a Working papers / Institut de Ciències Polítiques i Socials ; 205 | ||
| 590 | |a Bibliografia | ||
| 650 | |a Autonomia |x Irlanda del Nord |9 31789 | ||
| 650 | |a Autonomia |x Alto Adige |9 31790 | ||
| 650 | |a Irlanda del Nord |x Política i govern |x S. XX I |9 31791 | ||
| 650 | |a Alto Adige |x Política i govern |x S. XX |9 31792 | ||
| 710 | 2 | |a Institut de Ciències Polítiques i Socials (Barcelona, Catalunya) |9 55871 | |
| 901 | |a Arxiu | ||
| 942 | |n 1 | ||
| 952 | |0 0 |1 0 |4 0 |6 M4272 |7 1 |9 45757 |a Arxiu |b Arxiu |d 2016-12-01 |l 0 |o M-4-272 |p 14847 |r 2016-12-01 00:00:00 |w 2016-12-01 |y ARXIU | ||
| 999 | |c 49257 |d 49257 | ||